| 000 | 01061nam a22001937a 4500 | ||
|---|---|---|---|
| 005 | 20260312150540.0 | ||
| 010 | _aBACHN26 | ||
| 020 |
_a9788194597445 _c2995.00 |
||
| 037 | _bसिनर्जी बुक्स | ||
| 082 | _a342.54 | ||
| 100 |
_aअंबेडकर,बी.आर _988397 |
||
| 245 |
_aभारत का संविधान/ _cबी.आर. अंबेडकर [एवं ]राजेन्द्र प्रसाद |
||
| 260 |
_aनई दिल्ली _bअबध्या एजूकेशन प्रा,लि, _c2026 |
||
| 270 |
_a4800, ग्राउंड फ्लोर, हरबंस स्ट्रीट, 24 भारत राम रोड़, अंसारी रोड़, दरियागंज _bनई दिल्ली _e110002 |
||
| 300 |
_a371पृ. _c27सेमी(सजिल्द) |
||
| 500 | _a1मई, 2024 को यथाविद्यमान | ||
| 700 |
_a प्रसाद ,राजेन्द्र _988364 |
||
| 942 |
_2ddc _cHN _h342.54 _mअंबेड |
||
| 999 |
_c215001 _d215001 |
||